<The> Table is laid : (Record no. 17160)

MARC details
000 -LEADER
fixed length control field 00769nam a22002177a 4500
005 - DATE AND TIME OF LATEST TRANSACTION
control field 20081021101851.0
008 - FIXED-LENGTH DATA ELEMENTS--GENERAL INFORMATION
fixed length control field 081021t xxu||||| |||| 00| 0 eng d
010 ## - LCCN (DPL NO)
LC control number ENG-84198
020 ## - INTERNATIONAL STANDARD BOOK NUMBER
International Standard Book Number 0195674448
020 ## - INTERNATIONAL STANDARD BOOK NUMBER
Terms of availability 595.00 (hb)
035 ## - SYSTEM CONTROL NUMBER
System control number EN-67731
082 ## - DEWEY DECIMAL CLASSIFICATION NUMBER
Classification number 641.3
245 ## - TITLE STATEMENT
Title <The> Table is laid :
Remainder of title the Oxford anthology of South Asian food writing /
Statement of responsibility, etc edited by John Thieme and Ira Raja
260 ## - PUBLICATION, DISTRIBUTION, ETC. (IMPRINT)
Place of publication, distribution, etc New Delhi
Name of publisher, distributor, etc Oxford University Press
260 ## - PUBLICATION, DISTRIBUTION, ETC. (IMPRINT)
Date of publication, distribution, etc 2007
300 ## - PHYSICAL DESCRIPTION
Extent iv,384p
Dimensions 22cm
700 ## - ADDED ENTRY--PERSONAL NAME
Personal name Raja, Era
Titles and other words associated with a name ed
700 ## - ADDED ENTRY--PERSONAL NAME
Personal name Thieme, John
Titles and other words associated with a name ed
942 ## - ADDED ENTRY ELEMENTS (KOHA)
Source of classification or shelving scheme Dewey Decimal Classification
Item type English Books
Classification part 641.3
Call number suffix TAB
Holdings
Withdrawn status Lost status Source of classification or shelving scheme Damaged status Not for loan Home library Current library Date acquired Cost, normal purchase price Total Checkouts Full call number Barcode Date last seen Cost, replacement price Koha item type
    Dewey Decimal Classification   Not For Loan D.B.Act.Division D.B.Act.Division 27/02/2007 595.00   641.3 TAB EN-67731 21/10/2008 595.00 English Books

© Delhi Public Library
Hit Counter
free hit counter